| 000 | 00400nam a2200169Ia 4500 | ||
|---|---|---|---|
| 001 | 14728 | ||
| 005 | 20260306164935.0 | ||
| 008 | 260306t9999||||xx |||||||||||||| ||spa|| | ||
| 041 | _aESP | ||
| 082 |
_a516.6 _bN18 |
||
| 100 |
_aNakamura Muroy, Jorge _eAUT |
||
| 245 | 0 | _aGeometría descriptiva | |
| 300 |
_a431 páginas : _c30 cm. |
||
| 650 | _aGEN | ||
| 654 | _aCMA | ||
| 942 |
_cLIB _dJUS _fJUS _2ddc _n |
||
| 999 |
_c14728 _d14728 |
||